|
|
|
|
| LEADER |
00000nab a2200000 a 4500 |
| 001 |
vtls000581128 |
| 003 |
SK-MaSNL |
| 005 |
20260303011807.0 |
| 008 |
160216c1996 xo 0 slo |
| 015 |
|
|
|a SNBRB19rr/mm-uuuuu
|
| 035 |
|
|
|a CL0581266
|
| 040 |
|
|
|a SNKBUCL
|b slo
|c SNKBUCL
|e AACR2
|
| 041 |
0 |
|
|a slo
|
| 044 |
|
|
|a xo
|c SK
|
| 080 |
|
|
|a 792.071.2
|2 1981
|
| 080 |
|
|
|a 791.44.071.2
|2 1981
|
| 080 |
|
|
|a 929 Kolníková, Katarína
|2 1981
|
| 100 |
1 |
|
|a Kolníková, Katarína,
|d 1921-2006
|4 aut
|9 101974
|
| 245 |
1 |
0 |
|a S priezračnou dušou
|b Živio prvej dáme Radošinského naivného divadla pani Kataríne Kolníkovej
|c Katarína Kolníková, Jana Miklovičová
|
| 300 |
|
|
|b Fotogr. 2
|
| 600 |
1 |
7 |
|a Kolníková, Katarína,
|d 1921-2006
|2 snkbucl
|9 101974
|
| 655 |
|
7 |
|a články z novín a časopisov
|2 snkbucl
|9 267496
|
| 700 |
1 |
|
|a Miklovičová, Jana
|4 aut
|9 7808
|
| 773 |
0 |
|
|t Slovenská republika víkend
|g Roč. 4, č. 16/91 (19. 4. 1996), s. 11
|
| 850 |
|
|
|a Slovenská národná knižnica v Martine
|a MTA001
|
| 852 |
|
|
|a SNK
|b KIS3GCP
|
| 958 |
|
|
|a BX
|
| 992 |
|
|
|a RBX
|
| 999 |
|
|
|c 1594021
|d 1595951
|